Countries That Start With D - Statistics

General Stats
  • This quiz has been taken 41 times
  • The average score is 4 of 5
Answer Stats
Continent Answer % Correct
Europe Denmark
97%
North America Dominican Republic
89%
North America Dominica
84%
Africa Djibouti
82%
Africa Democratic Republic of the Congo
76%
No matching quizzes found
Score Distribution
Percent of People with Each Score
Percentile by Number Answered
Your Score History
You have not taken this quiz